|
|
|
|
| LEADER |
00000nam0a2200000 4500 |
| 001 |
191558 |
| 005 |
20231101224348.0 |
| 010 |
|
|
|a 5732501142
|
| 035 |
|
|
|a (RuTPU)RU\TPU\book\208881
|
| 090 |
|
|
|a 191558
|
| 100 |
|
|
|a 20110207d1991 m y0rusy50 ca
|
| 101 |
0 |
|
|a rus
|
| 102 |
|
|
|a RU
|
| 105 |
|
|
|a a z 000zy
|
| 200 |
1 |
|
|a Концепция развития в России распределенной инфраструктуры комплексной автоматизации
|f В. Г. Колосов
|
| 210 |
|
|
|a Ленинград
|c Политехника
|d 1991
|
| 215 |
|
|
|a 18 с.
|c ил.
|
| 606 |
1 |
|
|a Инжиниринг
|x Экономика промышленного предприятия
|2 stltpush
|3 (RuTPU)RU\TPU\subj\12648
|9 39402
|
| 610 |
1 |
|
|a комплексная автоматизация
|
| 610 |
1 |
|
|a Россия
|
| 610 |
1 |
|
|a концепция развития
|
| 610 |
1 |
|
|a характеристика
|
| 610 |
1 |
|
|a реализация
|
| 675 |
|
|
|a 658.012.011.56
|v 3
|
| 700 |
|
1 |
|a Колосов
|b В. Г.
|g Владимир Григорьевич
|
| 801 |
|
1 |
|a RU
|b 63413507
|c 20110207
|
| 801 |
|
2 |
|a RU
|b 63413507
|c 20180604
|g RCR
|
| 942 |
|
|
|c BK
|